<?xml version="1.0" encoding="UTF-8"?>
<record
    xmlns:xsi="http://www.w3.org/2001/XMLSchema-instance"
    xsi:schemaLocation="http://www.loc.gov/MARC21/slim http://www.loc.gov/standards/marcxml/schema/MARC21slim.xsd"
    xmlns="http://www.loc.gov/MARC21/slim">

  <leader>00715nam a22002417a 4500</leader>
  <controlfield tag="003">UA-OsUOA</controlfield>
  <controlfield tag="001"> 28293 </controlfield>
  <controlfield tag="007">ta</controlfield>
  <controlfield tag="008">20050315b un ||||| |||| 00| 0 ukr d</controlfield>
  <datafield tag="100" ind1=" " ind2=" ">
    <subfield code="a">&#x411;&#x454;&#x43B;&#x430;&#x43D;&#x43E;&#x432;&#x430; &#x420;.&#x410;.</subfield>
  </datafield>
  <datafield tag="090" ind1=" " ind2=" ">
    <subfield code="a">318.1</subfield>
    <subfield code="b">&#x411;43</subfield>
  </datafield>
  <datafield tag="942" ind1=" " ind2=" ">
    <subfield code="c">BK</subfield>
  </datafield>
  <datafield tag="040" ind1=" " ind2=" ">
    <subfield code="a">UA-OsUOA</subfield>
    <subfield code="b">ukr</subfield>
    <subfield code="c">UA-OsUOA</subfield>
    <subfield code="d">UA-OsUOA</subfield>
  </datafield>
  <datafield tag="245" ind1=" " ind2=" ">
    <subfield code="a">&#x413;&#x443;&#x43C;&#x430;&#x43D;&#x456;&#x437;&#x430;&#x446;&#x456;&#x44F; &#x442;&#x430; &#x433;&#x443;&#x43C;&#x430;&#x43D;&#x456;&#x437;&#x430;&#x442;&#x438;&#x440;&#x430;&#x446;&#x456;&#x44F; &#x43E;&#x441;&#x432;&#x456;&#x442;&#x438; &#x432; &#x43A;&#x43B;&#x430;&#x441;&#x438;&#x447;&#x43D;&#x438;&#x445; &#x443;&#x43D;&#x456;&#x432;&#x435;&#x440;&#x441;&#x438;&#x442;&#x435;&#x442;&#x430;&#x445; (&#x423;&#x43A;&#x440;&#x430;&#x457;&#x43D;&#x430; -&#x421;&#x428;&#x410;)</subfield>
    <subfield code="b">&#x41C;&#x43E;&#x43D;&#x43E;&#x433;&#x440;&#x430;&#x444;&#x456;&#x44F;</subfield>
  </datafield>
  <datafield tag="955" ind1=" " ind2=" ">
    <subfield code="a">0</subfield>
  </datafield>
  <datafield tag="041" ind1=" " ind2=" ">
    <subfield code="a">ukr</subfield>
  </datafield>
  <datafield tag="080" ind1=" " ind2=" ">
    <subfield code="a">318.1</subfield>
  </datafield>
  <datafield tag="020" ind1=" " ind2=" ">
    <subfield code="a">966-95855-5-4</subfield>
  </datafield>
  <datafield tag="260" ind1=" " ind2=" ">
    <subfield code="a">&#x41A;.</subfield>
    <subfield code="b">&#x426;&#x435;&#x43D;&#x442;&#x440; &#x43F;&#x440;&#x430;&#x43A;&#x442;&#x438;&#x447;&#x43D;&#x43E;&#x457; &#x444;&#x456;&#x43B;&#x43E;&#x441;&#x43E;&#x444;&#x456;&#x457;</subfield>
    <subfield code="c">2001</subfield>
  </datafield>
  <datafield tag="044" ind1=" " ind2=" ">
    <subfield code="a">UA</subfield>
  </datafield>
  <datafield tag="650" ind1=" " ind2="7">
    <subfield code="2">UDC</subfield>
  </datafield>
  <datafield tag="999" ind1=" " ind2=" ">
    <subfield code="c">314657</subfield>
    <subfield code="d">314657</subfield>
  </datafield>
  <datafield tag="952" ind1=" " ind2=" ">
    <subfield code="0">0</subfield>
    <subfield code="1">0</subfield>
    <subfield code="2">udc</subfield>
    <subfield code="4">0</subfield>
    <subfield code="7">0</subfield>
    <subfield code="a">102</subfield>
    <subfield code="b">101</subfield>
    <subfield code="d">2005-03-15</subfield>
    <subfield code="i">83564</subfield>
    <subfield code="l">1</subfield>
    <subfield code="o">318.1 &#x411;43</subfield>
    <subfield code="p">83564</subfield>
    <subfield code="q">2019-10-23</subfield>
    <subfield code="r">2019-07-25 00:00:00</subfield>
    <subfield code="s">2019-07-25</subfield>
    <subfield code="w">2005-03-15</subfield>
    <subfield code="y">BK</subfield>
  </datafield>
</record>
